Klimatické zmeny ako miestny problém: lokalizácia a implementácia na príklade Kanady

Teoretické východiská riadenia klimatických zmien na miestnej úrovni. Prístupy k riešeniu vplyvov klimatických zmien v Kanade.

Gespeichert in:
Bibliographische Detailangaben
1. Verfasser: Švihlová, Dana
Format: Buchkapitel
Sprache:Slowakisch
Schlagworte:
Tags: Tag hinzufügen
Keine Tags, Fügen Sie das erste Tag hinzu!

MARC

LEADER 00000naa$a2200000$$$4500
001 0109072
005 20231102113549.4
041 0 |a slo 
044 |a SK 
245 1 0 |a Klimatické zmeny ako miestny problém: lokalizácia a implementácia na príklade Kanady  |c Dana Švihlová 
520 |a Teoretické východiská riadenia klimatických zmien na miestnej úrovni. Prístupy k riešeniu vplyvov klimatických zmien v Kanade. 
610 2 0 |a zmeny klimatické 
610 2 0 |a Kanada 
610 2 0 |a ochrana prostredia životného 
610 2 0 |a politika environmentálna 
100 1 |a Švihlová, Dana